Responses for show #692 - Tuesday, September 15, 1987

Missing introductions.

Contestants

[<< previous game]

Stuart Cleland, a public television producer from Wilmette, Illinois

Garry Boone, originally from Ohio

Ted Cooperstein, a lawyer originally from Potomac, Maryland (whose 3-day cash winnings total $26,151)

[next game >>]

Jeopardy! Round responses

NOTORIOUS
HOUSE PLANTS
THE BIBLE
'50s ADS
THE NETHERLANDS
"PIG" OUT
    $100 11
Mata Hari

Garry
    $100 26
the leaves

Stuart
    $100 19
the jawbone

Ted
    $100 12
Westinghouse

Garry
    $100 1
(Gerry: What is Amsterdam?)

Rotterdam

TedGarry
    $100 3
Latin pig

Ted
    $200 23
Hitler

Ted
    $200 27
(Ted: What is water?)

sunshine (light)

TedGarry
    $200 20
Moses

Ted
    $200 13
the Clydesdales

Garry
    $200 2
painting (art)

Garry
    $200 7
a pig tail

Stuart
    $200 22
(Stuart: Who is Aida?)

Carmen

Stuart
    $300 28
(1 of) ferns (palms, ficus)

Garry
    $300 21
Bethlehem

Stuart
    $300 14
Crest

Garry
    $300 4
(Gerry: What is an induction ceremony?)

inauguration

TedGarry
    $300 8
a piggy bank

Stuart
    $400 17
Casanova

Stuart
    $400 29
slits (holes)

Triple Stumper
    $400 24
Simon

Ted
    $400 15
7 Up

Triple Stumper
    $400 5
KLM Royal Dutch Airlines

Ted
    $400 9
Piglet

Ted
    $500 18
(Stuart: Who is Marie Antoinette?)

(Madame) du Barry

GarryStuart
    $500 30
scales

Triple Stumper
    $500 25
(Gerry: Who is Mark?)
...
(Alex: We've got less than a minute to go?)

Luke

Garry
Triple Stumper
    $500 16
Wonder Bread

Stuart
    $500 6
the little Dutch boy who put his finger in the dam

Garry
    $500 10
pigment

Stuart

Scores at the first commercial break (after clue 16):

Ted Garry Stuart
$1,300 $1,000 $1,500

Scores at the end of the Jeopardy! Round:

Ted Garry Stuart
$2,000 $1,500 $1,600

Double Jeopardy! Round responses

AMERICAN INDIANS
BEST SELLERS
CLASSICAL MUSIC
FOOD & DRINK
WARS
12-LETTER WORDS
    $200 7
an Indian infant

Ted
    $200 12
Harvard

Garry
    $200 28
[The end-of-round signal sounds.]

a turkey

Ted
    $200 2
the Second World War

Ted
    $200 22
perspiration

Ted
    $400 8
(1 of) the Mohawk (Oneida, Onondaga, Cayuga, Seneca, Tuscarora)

Ted
    $400 13
Bridey Murphy

Stuart
    $400 27
Dunlop

Ted
    $400 3
(Stuart: What is, uh, Saudi Arabia?)
(Gerry: What is, uh, Vietnam?)

Egypt

TedGarryStuart
    $400 21
a prescription

Ted
    $600 9
wild rice

Triple Stumper
    $1,000 14
(Stuart: Who was "M"?)
...
(Alex: Did "M" write "The Sensuous Man"? Was that it? I think so.)

"J"

Stuart
    $600 26
Oxford

Ted
    $600 23
a herring

Stuart
    $600 4
Pakistan

Ted
    $600 20
(Ted: What is a palindrome?)
...
(Alex: We've got a minute to go.)

an introduction

TedGarry
    $800 10
the Nez Perce

Garry
    $800 15
Love Them

Stuart
    $800 25
Ferde Grofe

Garry
    $800 17
(Gerry: What is a tenderloin?)

a Delmonico steak

Garry
Triple Stumper
    $800 5
(Ted: What is France?)
(Stuart: What is uh, Canada?)

Germany

TedStuart
Triple Stumper
    $1,000 19
the Emancipation Proclamation

Stuart
    $1000 11
Sitting Bull

Garry
    $1000 1
Warsaw

Ted
    $1000 24
Appalachian Spring

Stuart
    $1000 16
(Ted: What is vichyssoise?)
(Gerry: What is wine and what is water?)

vichyssoise & water

TedGarry
Triple Stumper
    $1000 6
the Spanish-American War

Ted
    $1000 18
gobbledygook

Triple Stumper

Scores at the end of the Double Jeopardy! Round:

Ted Garry Stuart
$5,200 $2,700 $3,200

[wagering suggestions for these scores]

Final Jeopardy! Round responses

CHESS
(Alex: The 8 pawns and the 2 knights.)
GarryWhat is 10?
$2,700
StuartWhat is 8
$3,180
TedWhat is 10?
$1,201
10

Final scores:

Ted Garry Stuart
$6,401 $5,400 $20
4-day champion: $32,552 2nd place: San Diego armoire wall system & Magnavox VCR + Jeopardy! box game or computerized version 3rd place: General Electric gas rang + Jeopardy! box game or computerized version

Game dynamics:

Coryat scores:

Ted Garry Stuart
$5,200 $2,700 $4,200
21 R,
4 W
14 R,
6 W
12 R
(including 1 DD),
5 W
(including 2 DDs)

Combined Coryat: $12,100

The J! Archive is created by fans, for fans. The Jeopardy! game show and all elements thereof, including but not limited to copyright and trademark thereto, are the property of Jeopardy Productions, Inc. and are protected under law. This website is not affiliated with, sponsored by, or operated by Jeopardy Productions, Inc. Join the discussion at JBoard.tv.